Statistiken für Regionen von Italien

Klicken Sie hier um das Quiz zu spielen!

Allgemein

  • Dieses Quiz wurde 10.089 mal gespielt
    (10.087 seit der letzten Aktualisierung)
  • Das Durchschnittsergebnis liegt bei 10 aus 20

Antworten auf der Karte

Die Antworten werden auf der Karte rot bzw. grün angezeigt, abhängig davon wie oft sie richtig erraten wurden.
 

Antwortstatistiken

HauptstadtRegion% Korrekt
PalermoSizilien
93%
CagliariSardinien
86%
FlorenzToskana
83%
TrientTrentino-Südtirol
78%
MailandLombardei
59%
VenedigVenetien
52%
CatanzaroKalabrien
49%
BolognaEmilia-Romagna
48%
BariApulien
46%
RomLatium
46%
TurinPiemont
43%
PerugiaUmbrien
43%
GenuaLigurien
42%
AostaAostatal
40%
TriestFriaul-Julisch Venetien
35%
L'AquilaAbruzzen
31%
NeapelKampanien
30%
AnconaMarken
26%
PotenzaBasilikata
22%
CampobassoMolise
20%

Verteilung der Resultate

Perzentil nach korrekt beantworteten Fragen

Anzahl Personen mit jedem Resultat

Ihre Resultats-Entwicklung

Sie haben dieses Quiz seit der letzten Aktualisierung nicht gespielt